000 00447nam a2200181Ia 4500
001 22907
003 GE_BSU
008 181216s||||||||xx |||||||||||||| ||und||
040 _cGE_BSU
245 4 _aThe Economist, july 21th-27th. 2018
245 _bvolume 428 number 9101
260 _aParis
260 _c2018
300 _a74 p. 26cm. ill.
653 _aThe Economist, july 21th-27th. 2018
653 _avolume 428 number 9101
942 _cCR
999 _c55810
_d55810